|
|
|
|
| LEADER |
01459nam a2200313 a 4500 |
| 001 |
33258 |
| 003 |
BD-DhAAL |
| 005 |
20250625144904.0 |
| 008 |
180707t2005 enkabd b i000 0 eng c |
| 020 |
|
|
|a 9211320240
|
| 040 |
|
|
|a AINT
|b eng
|d ANL
|d BD-DhAAL
|
| 082 |
0 |
4 |
|a 363.34091724
|2 21
|
| 245 |
0 |
0 |
|a Know risk /
|c International Strategy for Disaster Reduction.
|
| 260 |
|
|
|a [Leicester] :
|b Tudor Rose for and on behalf of the United Nations,
|c c2005.
|
| 300 |
|
|
|a 376 pages :
|b color illustrations, color maps ;
|c 31 cm.
|
| 500 |
|
|
|a "United Nations publication, Sales No. E.04. III. M.1"--T.p. verso.
|
| 504 |
|
|
|a Includes bibliographical references (pages 374-376)
|
| 526 |
|
|
|a ARC
|
| 541 |
|
|
|a Department of Architecture
|e 33258
|
| 650 |
|
0 |
|a Emergency management
|z Developing countries.
|9 26133
|
| 650 |
|
0 |
|a Emergency management
|x Economic aspects
|z Developing countries.
|9 26622
|
| 650 |
|
0 |
|a Disaster relief
|z Developing countries.
|9 26623
|
| 650 |
|
0 |
|a Disaster relief
|x Economic aspects
|z Developing countries.
|9 26631
|
| 710 |
2 |
|
|a United Nations.
|9 26625
|
| 710 |
2 |
|
|a International Strategy for Disaster Reduction.
|9 26626
|
| 852 |
|
|
|a Department of Architecture
|c General Stacks
|
| 942 |
|
|
|2 ddc
|c BK
|
| 999 |
|
|
|c 39583
|d 39583
|
| 952 |
|
|
|0 0
|1 0
|2 ddc
|4 0
|6 363_340917240000000_KNO
|7 0
|9 63602
|a BRACUL
|b BRACUL
|c GEN
|d 2018-07-07
|e Department of Architecture
|l 0
|o 363.34091724 KNO
|p 3010033258
|r 2018-07-07
|t 1
|w 2018-07-07
|y BK
|x Transferred from ARC to BRACUL on 28/12/2023
|